Normal view
MARC view
- Micro air vehicles
Entry Topical Term
001 - CONTROL NUMBER
- control field: 111268
003 - CONTROL NUMBER IDENTIFIER
- control field: NUST
005 - DATE AND TIME OF LATEST TRANSACTION
- control field: 20230324091851.0
008 - FIXED-LENGTH DATA ELEMENTS
- fixed length control field: 230324|| aca||aabn | a|a d
040 ## - CATALOGING SOURCE
- Original cataloging agency: NUST
- Transcribing agency: NUST
150 ## - HEADING--TOPICAL TERM
- Topical term or geographic name entry element: Micro air vehicles
- General subdivision: Control systems
670 ## - SOURCE DATA FOUND
- Source citation: Work cat.: (NUST)0: Gundlach, Jay, 1975- 111267, Designing unmanned aircraft systems :, c2012.
